|
|
|
|
| LEADER |
01436nam a2200373 a 4500 |
| 001 |
EBC497048 |
| 003 |
MiAaPQ |
| 005 |
20200520144314.0 |
| 006 |
m o d | |
| 007 |
cr cn||||||||| |
| 008 |
971118s1998 ctua sb 001 0 eng |
| 010 |
|
|
|z 97048615
|
| 020 |
|
|
|z 1567202020 (alk. paper)
|
| 035 |
|
|
|a (MiAaPQ)EBC497048
|
| 035 |
|
|
|a (Au-PeEL)EBL497048
|
| 035 |
|
|
|a (CaPaEBR)ebr5005028
|
| 035 |
|
|
|a (CaONFJC)MIL257360
|
| 035 |
|
|
|a (OCoLC)624303051
|
| 040 |
|
|
|a MiAaPQ
|c MiAaPQ
|d MiAaPQ
|
| 050 |
|
4 |
|a HD57.7
|b .F352 1998
|
| 082 |
0 |
4 |
|a 658.4/092
|2 21
|
| 100 |
1 |
|
|a Fairholm, Gilbert W.
|
| 245 |
1 |
0 |
|a Perspectives on leadership
|h [electronic resource] :
|b from the science of management to its spiritual heart /
|c Gilbert W. Fairholm.
|
| 260 |
|
|
|a Westport, Conn :
|b Quorum,
|c 1998.
|
| 300 |
|
|
|a xxiv, 167 p. :
|b ill.
|
| 504 |
|
|
|a Includes bibliographical references (p. [155]-161) and index.
|
| 533 |
|
|
|a Electronic reproduction. Ann Arbor, MI : ProQuest, 2015. Available via World Wide Web. Access may be limited to ProQuest affiliated libraries.
|
| 650 |
|
0 |
|a Leadership
|x Moral and ethical aspects.
|
| 650 |
|
0 |
|a Leadership
|x Religious aspects.
|
| 650 |
|
0 |
|a Management
|x Moral and ethical aspects.
|
| 650 |
|
0 |
|a Management
|x Religious aspects.
|
| 655 |
|
4 |
|a Electronic books.
|
| 710 |
2 |
|
|a ProQuest (Firm)
|
| 856 |
4 |
0 |
|u https://ebookcentral.proquest.com/lib/matrademy/detail.action?docID=497048
|z Click to View
|